| 000 | 00993nam a22003137a 4500 | ||
|---|---|---|---|
| 003 | CHAP | ||
| 005 | 20220329134825.0 | ||
| 008 | 971013s1973 r 00010 d | ||
| 010 | _a26530 | ||
| 011 | _a27502 | ||
| 035 | _a31603 | ||
| 040 | _cCHAP | ||
| 082 |
_a633.18 _bI8 |
||
| 100 | 0 | 0 |
_aIshizuka, Yoshiaki. _960560 |
| 245 | _aRice growing in a cool environment | ||
| 260 |
_aTaiwan : _bFood and Fertizer Technology Center, _c1973 |
||
| 300 |
_a98 p. _b: ilus |
||
| 590 |
_aBATCH-UPD _b10 _c20130109 _lUCH01 _h2345 |
||
| 590 |
_aBATCH-UPD _b10 _c20130110 _lUCH01 _h2026 |
||
| 590 |
_aBATCH-UPD _b10 _c20130409 _lUCH01 _h1916 |
||
| 590 |
_aBATCH-UPD _b10 _c20130914 _lUCH01 _h0408 |
||
| 590 |
_aCONVERSION _b10 _c20130109 _lUCH01 _h1315 |
||
| 650 | 1 | 4 |
_aArroz _xRendimiento. _97651 |
| 650 | 1 | 4 |
_aFrío _xEfecto en plantas. _943542 |
| 650 | 1 | 4 |
_aTemperatura _xEfecto en arroz. _9112183 |
| 901 | _aBK | ||
| 942 | _cLIBRO | ||
| 949 |
_a633.18 I8 _bBC _cLIBRO _d33724000217915 _eLIBRO _h41591 _i31603 _mD _si |
||
| 999 |
_c26530 _d26530 |
||